Elenca la formazione - Quiz n°194 - Statistics

Statistiche generali
  • Questo quiz è stato fatto 72 volte
  • Il punteggio medio è 9 su 11
Statistiche sulle risposte
Ruolo Nazione Calciatore % Corretto
Portiere Brasile Ederson
100%
Attaccante Algeria Riyad Mahrez
94%
Centrocampista Portogallo Bernardo Silva
91%
Attaccante Brasile Gabriel Jesus
91%
Centrocampista Germania İlkay Gündoğan
89%
Difensore Ucraina Oleksandr Zinchenko
88%
Centrocampista Spagna David Silva
83%
Difensore Belgio Vincent Kompany
83%
Difensore Inghilterra Kyle Walker
80%
Attaccante Inghilterra Raheem Sterling
74%
Difensore Francia Aymeric Laporte
57%
Nessun quiz corrispondente trovato
Distribuzione punteggi
Percentuale di utenti per punteggio
Percentile per numero di risposta
I tuoi punteggi nel tempo
Non hai fatto questo quiz